Statistics for BoxRec Pound for Pound Top 10

Click here to take the quiz!

General Stats

  • This quiz has been taken 22 times
  • The average score is 7 of 10

Answer Stats

PositionAnswerWeight Class% Correct
1Canelo AlvarezSuper Welterweight
95%
3Gennady GolovkinMiddleweight
95%
4Terence CrawfordSuper Lightweight
85%
2Manny PacquiaoWelterweight
70%
8Andre WardLight Heavyweight
65%
10Roman GonzalezSuper Flyweight
60%
9Sergey KovalevLight Heavyweight
60%
6Carl FramptonFeatherweight
55%
5Keith ThurmanWelterweight
55%
7Erislandy LaraSuper Welterweight
40%

Score Distribution

Percentile by Number Answered

Percent of People with Each Score

Your Score History

You have not taken this quiz